| 000 | 00710nam a2200241 a 4500 | ||
|---|---|---|---|
| 001 | BRCA_6784 | ||
| 005 | 20190320205605.0 | ||
| 008 | 281011s1952----u--a######---#000-0#eng-# | ||
| 041 | _aeng | ||
| 044 | _au | ||
| 050 | 4 |
_aQB801 _b.G25 1952 |
|
| 100 | 1 |
_aGaposchkin, Cecilia Helena Payne _d1900- _916921 |
|
| 245 | 1 | 0 |
_aStars in the making _cby Cecilia Helena Payne-Gaposchkin. |
| 260 |
_aCambridge _bHarvard University Press _c1952. |
||
| 300 |
_axii, 160 p. _bil., 67 láminas _c25 cm. |
||
| 440 | 0 |
_aThe Harvard books on astronomy _916922 |
|
| 500 | _aIncluye índice alfabético | ||
| 500 | _aL113 | ||
| 504 | _aBibliografía: p. 155 | ||
| 650 | 1 | 4 |
_aEstrellas _916923 |
| 902 | _aGFM | ||
| 942 |
_2lcc _cB |
||
| 999 |
_c6467 _d6467 |
||